<?xml version="1.0" encoding="UTF-8"?>
<marc:record xmlns:marc="http://www.loc.gov/MARC21/slim">
   <marc:leader>00000nam a2200000 a 4500</marc:leader>
   <marc:datafield ind1=" " ind2=" " tag="653">
      <marc:subfield code="a">Ernährung</marc:subfield>
   </marc:datafield>
   <marc:datafield ind1=" " ind2=" " tag="653">
      <marc:subfield code="a">Vegetarisch</marc:subfield>
   </marc:datafield>
   <marc:datafield ind1=" " ind2=" " tag="653">
      <marc:subfield code="a">Lebensmittel</marc:subfield>
   </marc:datafield>
   <marc:datafield ind1=" " ind2=" " tag="653">
      <marc:subfield code="a">Massentierhaltung</marc:subfield>
   </marc:datafield>
   <marc:datafield ind1=" " ind2=" " tag="653">
      <marc:subfield code="a">Vegetarismus</marc:subfield>
   </marc:datafield>
   <marc:datafield ind1="0" ind2="0" tag="245">
      <marc:subfield code="a">Food, Inc.</marc:subfield>
   </marc:datafield>
   <marc:datafield ind1="0" ind2="0" tag="245">
      <marc:subfield code="b">Was essen wir wirklich?</marc:subfield>
   </marc:datafield>
   <marc:datafield ind1=" " ind2="1" tag="264">
      <marc:subfield code="b">Sunfilm Entertainment</marc:subfield>
      <marc:subfield code="c">2010</marc:subfield>
   </marc:datafield>
   <marc:datafield ind1="1" ind2=" " tag="520">
      <marc:subfield code="a">Darsteller: Kim Roberts, William Pohlad, Robert Kenner, Richard Pearce, Robin Schorr
Komponist: Mark Adler
Glückliche Kühe, auf grünen Wiesen - daran möchten wir Konsumenten glauben, wenn wir unser täglich Fleisch zu uns nehmen. Doch die Wirklichkeit der ''natürlichen'' Nahrungsmittelproduktion in Industrienationen sieht um einiges düsterer aus. Genmanipuliertes Getreide, mit Medikamenten versetztes Tierfutter, hormonbehandeltes Mastvieh - die Liste des Schreckens ist lang und kaum ein landwirtschaftlicher Bereich, der nicht schon von einem Skandal betroffen gewesen wäre. Doch was wissen wir eigentlich wirklich über die Lebensmittel, die wir täglich essen? Food, Inc. zeigt, wie eine Handvoll Konzerne darüber bestimmt, was wir essen und was wir über unser Essen wissen dürfen. Und wie verantwortungslos die Lebensmittelindustrie handelt und zur Wahrung des eigenen Profits die Lebensgrundlage zahlreicher Landwirte und die Gesundheit der Konsumenten aufs Spiel setzt...</marc:subfield>
   </marc:datafield>
   <marc:datafield ind1="3" ind2=" " tag="024">
      <marc:subfield code="a">4041658224505</marc:subfield>
   </marc:datafield>
</marc:record>
